|
|
|
|
| LEADER |
00000nam a2200000 4500 |
| 001 |
vtls012238836 |
| 003 |
SK-MaSNL |
| 005 |
20260302040227.0 |
| 008 |
230907s1832 xo 0 0n0 lat |
| 015 |
|
|
|a SNBHFA
|
| 040 |
|
|
|a SNKHF
|b slo
|c SNKHF
|e rda
|
| 041 |
0 |
|
|a lat
|
| 044 |
|
|
|a xo
|c SK
|
| 072 |
|
7 |
|a 37
|x Výchova a vzdelávanie
|2 konspekt
|
| 080 |
|
|
|a 37.011.3-052
|2 2011
|
| 080 |
|
|
|a (048.8)
|2 2011
|
| 130 |
0 |
|
|a Juventus
|9 297735
|
| 245 |
1 |
0 |
|a Juventus Scholae Nationalis Capitalis Lib. Reg. Civ. Tyrnaviensis E Facto In Doctrina Religionis, Moribus, Ac Literis Progressu In Classes Deducta Anno M.D.CCC.XXXII.
|
| 264 |
|
3 |
|a Tyrnaviae
|b Typis Joannis Bapt. Jelinek
|c Anno M.D.CCC.XXVII. (1827)
|
| 300 |
|
|
|a 4 nečíslované strany
|c 24 cm
|
| 336 |
|
|
|a text
|b txt
|2 rdacontent
|
| 337 |
|
|
|a bez média
|b n
|2 rdamedia
|
| 338 |
|
|
|a zväzok
|b nc
|2 rdacarrier
|
| 501 |
|
|
|a Príväzok 3. k: MÉSZÁROS, Imre. Fö Tisztelendö Kis-Apponyi Bartakovits Albert Urnak,... Nagy-Szombatban: Jelinek Ker. János betüivel, 1831.
|5 SNK SC 11654/1-41
|
| 650 |
0 |
7 |
|a študenti
|2 SNKPH
|9 3979
|
| 650 |
0 |
7 |
|a zoznamy
|2 SNKPH
|9 293606
|
| 650 |
0 |
7 |
|a školy
|2 SNKPH
|9 1276
|
| 651 |
|
7 |
|a Trnava (Slovensko)
|2 SNKPHgeo
|9 19407
|
| 700 |
1 |
|
|a Jelínek, Ján Krstiteľ,
|d 1780-1841
|4 prt
|9 177739
|
| 752 |
|
|
|a Slovensko
|d Trnava
|
| 852 |
|
|
|a Slovenská národná knižnica
|b Historické fondy
|p SC 11654/1-41/prív.3
|
| 958 |
|
|
|a DF
|
| 958 |
|
|
|a ONDV
|
| 999 |
|
|
|c 1073921
|d 1075851
|
| 952 |
|
|
|a SNK
|b SNK
|y PREZ
|7 0
|p 17A1486473
|o snkSC 11654/1-41/prív.3
|i snkKSF 1391/58
|8 5
|0 0
|1 0
|4 0
|d 2023-09-07
|l 0
|r 2025-07-11 00:00:00
|w 2026-02-24
|